000 00623nam a22002177a 4500
005 20251108164753.0
008 250721s1995 xx 000 0 ara d
082 1 4 _a615.9/علم
100 1 _aغرايبة، منير ناصر
245 1 0 _aعلم السموم الحديث /
250 _aط.2
264 1 _aعمان :
_bالمؤلف،
_c1995.
300 _a353ص.
650 1 7 _aالسموم
650 1 7 _aالتلوث
700 1 _aالجغبير، ماضي توفيق
700 1 _aالساكت، منيب موسى
700 1 _aسلهب، عبد العظيم سمور
942 _2ddc
_cBK
999 _c13945
_d13945